000 00946nam a2200289Ia 4500
005 20220316235637.0
008 121119s2003 sp a gr 000 j spa
020 _a8434839725
041 1 _aspa
100 1 _aAdler, David A.
245 1 3 _aEl misterio de la casa encantada
_cDavid A. Adler ; traducción, Ana Linares ; ilustraciones, Carme Solé Vendrell
250 _aPrimera edición
300 _a80 páginas
_bilustraciones
490 0 _aEl barco de vapor : azul
650 1 4 _aCuentos infantiles
_2LEMB
650 1 4 _aCuentos de misterio
_2LEMB
650 1 4 _aLiteratura infantil
_2LEMB
700 1 _aLinares, Ana
_etraductor
_939839
700 1 _aSolé Vendrell, Carme
_eilustrador
_93639
942 _2loc
_cBKINF
264 _aMadrid
_bS.M.
_c2003
336 _atexto
_btxt
_2rdacontent
337 _asin mediación
_bn
_2rdamedia
338 _avolumen
_bnc
_2rdacarrier
040 _aCO-BoRNBP
_bspa
_erda
_cCO-BoRNBP
084 _aC ADL1
999 _c1659
_d1659